Observations during the Eclipse of February 1961 (Record no. 3813)

MARC details
000 -LEADER
fixed length control field 00759nam a2200205Ia 4500
003 - CONTROL NUMBER IDENTIFIER
control field IN-BaIIA
008 - FIXED-LENGTH DATA ELEMENTS--GENERAL INFORMATION
fixed length control field 211028s9999 xx 000 0 eng d
040 ## - CATALOGING SOURCE
Transcribing agency IIA Library
080 ## - UNIVERSAL DECIMAL CLASSIFICATION NUMBER
Universal Decimal Classification number 523.947:520.86
Item number DES
110 ## - MAIN ENTRY--CORPORATE NAME
Corporate name or jurisdiction name as entry element NATO
9 (RLIN) 6419
111 ## - MAIN ENTRY--MEETING NAME
Meeting name or jurisdiction name as entry element AGARD Ionospheric Research Committee Meeting
Number of part/section/meeting 6th
Location of meeting Naples
Date of meeting or treaty signing 1961 May 15-20
9 (RLIN) 6768
245 #0 - TITLE STATEMENT
Title Observations during the Eclipse of February 1961
Remainder of title proceedings of sixth AGARD Ionospheric Research Committee meeting, Naples, 15-20 May 1961
Statement of responsibility, etc. edited by Luciano de Socio
260 ## - PUBLICATION, DISTRIBUTION, ETC.
Place of publication, distribution, etc. Oxford
Name of publisher, distributor, etc. Pergamon Press
Date of publication, distribution, etc. 1964
300 ## - PHYSICAL DESCRIPTION
Extent vi, 53p.
490 ## - SERIES STATEMENT
Series statement AGARDograph; v.59 (suppl.)
650 ## - SUBJECT ADDED ENTRY--TOPICAL TERM
Topical term or geographic name entry element Ionospheric Observation
9 (RLIN) 6769
650 ## - SUBJECT ADDED ENTRY--TOPICAL TERM
Topical term or geographic name entry element Solar Eclipse
9 (RLIN) 1412
700 ## - ADDED ENTRY--PERSONAL NAME
Personal name De Socio, Luciano., ed.
9 (RLIN) 6770
942 ## - ADDED ENTRY ELEMENTS (KOHA)
Koha item type Books
Holdings
Withdrawn status Lost status Damaged status Not for loan Home library Current library Shelving location Date acquired Cost, normal purchase price Total Checkouts Full call number Barcode Date last seen Cost, replacement price Price effective from Koha item type Purchase Price
        IIA Library-Bangalore IIA Library-Bangalore General Stacks 24/07/1971 26.10   523.947:520.86/ DES 4257 05/11/2021 26.10 24/07/1971 Books Rs. 26.10

Powered by Koha